Wirtschaftsgeschichte (Record no. 134507)

MARC details
000 -LEADER
campo de control de longitud fija 00618nam a2200181 i 4500
001 - NÚMERO DE CONTROL
campo de control 134507
003 - IDENTIFICADOR DE NÚMERO DE CONTROL
campo de control ES-MaACL
005 - FECHA Y HORA DE LA ÚLTIMA TRANSACCIÓN
campo de control 20230906194705.0
007 - CAMPO FIJO DE DESCRIPCIÓN FÍSICA--INFORMACIÓN GENERAL
campo de control de longitud fija t|
008 - DATOS DE LONGITUD FIJA--INFORMACIÓN GENERAL
campo de control de longitud fija 070911s1924 gw ||||1| ger d
100 1# - ENTRADA PRINCIPAL--NOMBRE DE PERSONA
Nombre de persona Weber, Max.
9 (RLIN) 116265
245 10 - MENCIÓN DEL TÍTULO
Título Wirtschaftsgeschichte
Resto del título : Abriss der universalen Sozial- und Wirtschafts-Geschichte /
Mención de responsabilidad, etc. von Max Weber ;. Aus den nachgelassenen Vorlesungen hrsg. von S. Hellmann und M. Palyi.
260 ## - PUBLICACIÓN, DISTRIBUCIÓN, ETC.
Lugar de publicación, distribución, etc. München :
Nombre del editor, distribuidor, etc. Duncker & Humblot,
Fecha de publicación, distribución, etc. 1924.
300 ## - DESCRIPCIÓN FÍSICA
Extensión XIV, 348 p. ;
Dimensiones 24 cm.
700 1# - ENTRADA AGREGADA--NOMBRE PERSONAL
Nombre de persona Hellmann, S.
9 (RLIN) 62455
700 1# - ENTRADA AGREGADA--NOMBRE PERSONAL
Nombre de persona Palyi, M.
9 (RLIN) 88726
852 ## - LOCALIZACIÓN
Ubicación ES-MaACL
Número de control de estantería A-144
Holdings
Estatus retirado Estado de pérdida Estado de daño No para préstamo Biblioteca de origen Biblioteca actual Ubicación en estantería Fecha de adquisición Fuente de adquisición Total de préstamos Signatura topográfica completa Código de barras Visto por última vez Precio de reemplazo Tipo de ítem Koha
        Biblioteca del Ateneo de Madrid Biblioteca del Ateneo de Madrid Sala Pecera Planta 1 17/01/2008     A-144 1140004 23/02/2023 23/02/2023 Libro impreso